000
00339nam a2200133Ia 4500
008
240624s9999 xx 000 0 und d
041
_a
eng
082
_a
158.1 CAR
100
_a
CARNEGIE DALE
245
_a
DEVELOP SELF CONFIDENCE IMPROVE PUBLIC S
260
_c
2016
_a
New Delhi
_b
Rupa
300
_a
vii, 264 p.; 16 cm.
365
_c
RS
_b
30
999
_c
29182
_d
29182